India's rise as an Asian power : (ระเบียนเลขที่ 74036)
| 000 -LEADER | |
|---|---|
| fixed length control field | 00855nam a22002537a 4500 |
| 003 - CONTROL NUMBER IDENTIFIER | |
| control field | NALT |
| 005 - DATE AND TIME OF LATEST TRANSACTION | |
| control field | 20250902144031.0 |
| 008 - FIXED-LENGTH DATA ELEMENTS--GENERAL INFORMATION | |
| fixed length control field | s2014 eng d |
| 020 ## - INTERNATIONAL STANDARD BOOK NUMBER | |
| International Standard Book Number | 9781626160743 |
| 040 ## - CATALOGING SOURCE | |
| Original cataloging agency | NALT |
| 041 ## - LANGUAGE CODE | |
| Language code of text/sound track or separate title | eng |
| 050 ## - LIBRARY OF CONGRESS CALL NUMBER | |
| Classification number | DS 449 |
| Item number | G67I 2014 |
| 100 1# - MAIN ENTRY--PERSONAL NAME | |
| Personal name | Gordon, Sandy |
| 9 (RLIN) | 35485 |
| 245 10 - TITLE STATEMENT | |
| Title | India's rise as an Asian power : |
| Remainder of title | nation, neighborhood, and region / |
| Statement of responsibility, etc. | Sandy Gordon. |
| 260 ## - PUBLICATION, DISTRIBUTION, ETC. | |
| Place of publication, distribution, etc. | Washington, DC : |
| Name of publisher, distributor, etc. | Georgetown University Press, |
| Date of publication, distribution, etc. | 2014. |
| 300 ## - PHYSICAL DESCRIPTION | |
| Extent | 264 p. : |
| Other physical details | tables ; |
| Dimensions | 23 cm. |
| 650 #0 - SUBJECT ADDED ENTRY--TOPICAL TERM | |
| Topical term or geographic name entry element | National security |
| 9 (RLIN) | 35486 |
| Geographic subdivision | India |
| 651 #0 - SUBJECT ADDED ENTRY--GEOGRAPHIC NAME | |
| 9 (RLIN) | 35487 |
| Geographic name | India |
| General subdivision | Foreign economic relations |
| 651 #0 - SUBJECT ADDED ENTRY--GEOGRAPHIC NAME | |
| 9 (RLIN) | 35488 |
| Geographic name | India |
| General subdivision | Foreign relations |
| Geographic subdivision | South Asia |
| 651 #0 - SUBJECT ADDED ENTRY--GEOGRAPHIC NAME | |
| 9 (RLIN) | 35489 |
| Geographic name | India |
| General subdivision | Politics and government |
| Chronological subdivision | 21st century |
| 651 #0 - SUBJECT ADDED ENTRY--GEOGRAPHIC NAME | |
| 9 (RLIN) | 35490 |
| Geographic name | India |
| General subdivision | Economic conditions |
| Chronological subdivision | 21st century |
| 850 ## - HOLDING INSTITUTION | |
| Holding institution | NALT |
| 942 ## - ADDED ENTRY ELEMENTS (KOHA) | |
| Koha item type | General Book |
| Source of classification or shelving scheme | Library of Congress Classification |
| 998 ## - STAFF NAME (NALT) | |
| -- | 104 |
| -- | นางสาวสายฝน ดีงาม |
| Withdrawn status | Lost status | Source of classification or shelving scheme | Damaged status | Not for loan | Collection code | Home library | Current library | Shelving location | Source of acquisition | Total Checkouts | Full call number | Barcode | Date last seen | Price effective from | Koha item type |
|---|---|---|---|---|---|---|---|---|---|---|---|---|---|---|---|
| Library of Congress Classification | General Book collection | National Assembly Library of Thailand | National Assembly Library of Thailand | General Book shelves | จัดซื้อทรัพยากร | DS 449 G67I 2014 | 3961201324 | 09/06/2017 | 09/06/2017 | General Book |
